[Event "WJCC U20 Open 2019"]
[Site "New Delhi"]
[Date "2019.10.15"]
[Round "1.10"]
[White "Miciano, John Marvin"]
[Black "Santos Ruiz, Miguel"]
[Result "0-1"]
[WhiteElo "2345"]
[BlackElo "2560"]
[Annotator "ChessBase"]
[PlyCount "115"]
[EventDate "2019.10.15"]
[EventType "swiss"]
[EventCountry "IND"]
[SourceTitle "playchess.com"]
[Source "ChessBase"]
[SourceQuality "1"]
[TimeControl "40/5400+30:1800+30"]

1. e4 {[%emt 0:00:00]} e5 {[%emt 0:00:00]} 2. Nf3 {[%emt 0:00:00]} Nc6 {[%emt 0:00:00]} 3. Bc4 {[%emt 0:00:00]} Bc5 {[%emt 0:00:00]} 4. c3 {[%emt 0:00:06]} Nf6 {[%emt 0:00:00]} 5. d3 {[%emt 0:00:11]} d6 {[%emt 0:00:08]} 6. h3 {[%emt 0:02:10]} a5 {[%emt 0:02:03]} 7. a4 {[%emt 0:00:10]} Ne7 {[%emt 0:04:33]} 8. O-O {[%emt 0:04:51]} O-O {[%emt 0:13:53]} 9. Bg5 {[%emt 0:06:25]} Ng6 {[%emt 0:01:27]} 10. d4 {[%emt 0:08:56]} Bb6 {[%emt 0:03:32]} 11. dxe5 {[%emt 0:34:18]} dxe5 {[%emt 0:00:28]} 12. Qe1 {[%emt 0:00:51]} h6 {[%emt 0:17:02]} 13. Be3 {[%emt 0:00:15]} Nd7 {[%emt 0:02:45]} 14. Nbd2 {[%emt 0:02:42]} Qf6 {[%emt 0:00:25]} 15. g3 {[%emt 0:09:06]} Bxe3 {[%emt 0:07:50]} 16. Qxe3 {[%emt 0:04:23]} Nb6 {[%emt 0:00:07]} 17. h4 {[%emt 0:00:06]} Nxc4 {[%emt 0:00:20]} 18. Nxc4 {[%emt 0:00:08]} Be6 {[%emt 0:09:09]} 19. Nfd2 {[%emt 0:02:19]} Rfd8 {[%emt 0:05:05]} 20. Rfd1 {[%emt 0:00:57]} Rd7 {[%emt 0:05:29]} 21. Qe2 {[%emt 0:01:41]} b6 {[%emt 0:00:45]} 22. Ne3 {[%emt 0:01:49]} Rad8 {[%emt 0:01:55]} 23. Ndf1 {[%emt 0:00:37]} Nf8 {[%emt 0:09:14]} 24. Qc2 {[%emt 0:08:58]} Qe7 {[%emt 0:02:11]} 25. Rxd7 {[%emt 0:03:23]} Rxd7 {[%emt 0:02:15]} 26. Rd1 {[%emt 0:01:35]} Qc5 {[%emt 0:01:28]} 27. Rxd7 {[%emt 0:05:16]} Nxd7 {[%emt 0:00:03]} 28. Nd2 {[%emt 0:00:15]} Qc6 {[%emt 0:01:14]} 29. b4 {[%emt 0:00:48]} h5 {[%emt 0:01:40]} 30. Kf1 {[%emt 0:02:02]} f6 {[%emt 0:03:16]} 31. Ke1 {[%emt 0:00:10]} Kf7 {[%emt 0:00:39]} 32. Ke2 {[%emt 0:00:50]} Nb8 {[%emt 0:00:06]} 33. bxa5 {[%emt 0:00:31]} bxa5 {[%emt 0:00:03]} 34. Qb2 {[%emt 0:00:22]} Nd7 {[%emt 0:00:41]} 35. Qb5 {[%emt 0:00:12]} Qxc3 {[%emt 0:00:34]} 36. Nec4 {[%emt 0:00:31]} Qc2 {[%emt 0:02:35]} 37. Ke3 {[%emt 0:00:33]} Nb6 {[%emt 0:02:10]} 38. Nxb6 {[%emt 0:00:07]} cxb6 {[%emt 0:00:02]} 39. f4 {[%emt 0:01:17]} Qc3+ {[%emt 0:02:31]} 40. Qd3 {[%emt 0:00:25]} Qxd3+ {[%emt 0:01:46]} 41. Kxd3 {[%emt 0:30:07]} exf4 {[%emt 0:30:32]} 42. gxf4 {[%emt 0:00:04]} Ke7 {[%emt 0:00:00]} 43. Nb1 {[%emt 0:00:00]} Bd7 {[%emt 0:00:00]} 44. Nc3 {[%emt 0:00:00]} Kd6 {[%emt 0:00:00]} 45. Kd4 {[%emt 0:00:00]} Bc6 {[%emt 0:00:00]} 46. Kc4 {[%emt 0:00:00]} Bd7 {[%emt 0:00:00]} 47. Kd4 {[%emt 0:00:00]} Be8 {[%emt 0:00:00]} 48. Kc4 {[%emt 0:00:00]} g5 {[%emt 0:00:00]} 49. fxg5 {[%emt 0:00:00]} fxg5 {[%emt 0:00:00]} 50. hxg5 {[%emt 0:00:00]} h4 {[%emt 0:00:00]} 51. Kd4 {[%emt 0:00:00]} h3 {[%emt 0:00:00]} 52. Ne2 {[%emt 0:00:00]} h2 {[%emt 0:00:00]} 53. Ng3 {[%emt 0:00:00]} Bxa4 {[%emt 0:00:00]} 54. Ke3 {[%emt 0:00:00]} Bb3 {[%emt 0:00:00]} 55. g6 {[%emt 0:00:00]} a4 {[%emt 0:00:00]} 56. Kd4 {[%emt 0:00:00]} a3 {[%emt 0:00:00]} 57. Kc3 {[%emt 0:00:00]} Bg8 {[%emt 0:00:00]} 58. Kd4 {Ke5+} 0-1

[Event "WJCC U20 Open 2019"]
[Site "New Delhi"]
[Date "2019.10.15"]
[Round "1.11"]
[White "Gholami, Aryan"]
[Black "O`donnell, Conor"]
[Result "1/2-1/2"]
[WhiteElo "2554"]
[BlackElo "2345"]
[Annotator "TA"]
[PlyCount "140"]
[EventDate "2019.10.15"]
[EventType "swiss"]
[EventCountry "IND"]
[SourceTitle "playchess.com"]
[Source "ChessBase"]
[SourceQuality "1"]

{[%evp 9,140,-14,-14,0,0,0,0,-16,0,-82,-2,0,133,152,127,-120,-117,-128,-118,-116,-122,-146,-139,-133,-135,-112,-113,-87,0,-100,-100,-87,-95,-251,-243,-365,-366,-466,-466,-490,-339,-322,-216,-203,-211,-218,-218,-216,-156,-197,-188,-229,-226,-353,-294,-322,-314,-1207,-391,-383,-319,-316,0,0,0,-283,-296,-433,-455,-490,-310,-297,-188,-229,-253,-231,-235,-1071,-374,-426,-413,-400,-258,-631,-621,-597,-584,-580,-570,-535,-534,-407,0,-337,-330,-29967,-29967,-29970,-29966,-29966,-29968,-29965,-29972,-29971,-29973,-29978,-29973,-29971,0,0,0,0,0,0,0,0,0,0,0,0,0,0,0,0,0,0,0,0,0,0,0,0,0]} 1. Nf3 d5 2. b3 c5 3. Bb2 f6 4. e4 (4. g3 e5 5. Bg2 Nc6 6. O-O Be6 7. c4 d4 8. e3 Nge7 9. d3 Ng6 10. exd4 cxd4 11. Ba3 Bxa3 12. Nxa3 {0-1 (28) Nakamura,H (2746)-Korobov,A (2698) St Petersburg 2018}) 4... dxe4 5. Nh4 Nh6 6. Nc3 {A06: Réti Opening:1 Nf3 d5} g5 $146 {aiming for ...Qd4.} ({Predecessor:} 6... e5 7. Nxe4 Be6 8. Bb5+ Nc6 9. Qh5+ Bf7 10. Qf3 Rc8 11. g4 a6 12. Bxc6+ Rxc6 {0-1 (45) Sopur,L (2419)-Malisauskas,V (2516) Police 2010}) 7. Qh5+ Kd7 {...Nc6 is the strong threat.} 8. Nxe4 {Black must now prevent Nf3.} gxh4 9. d4 ({Much worse is} 9. Qxh4 Nc6 $17) (9. Nxc5+ Kc7 $17) (9. Qd5+ $1 $11 Ke8 10. Qh5+ Kd7 11. Qd5+ (11. Qxh4 Nc6 $17) (11. Nxc5+ Kc7 $17) 11... Ke8 12. Qh5+ Kd7) 9... Nc6 (9... Kc7 $1 $17 10. O-O-O (10. Qxc5+ Nc6 $17) 10... Nc6 11. Nxc5 Qd6 12. Qxh4 Nf5) 10. d5 $11 Ne5 (10... Nd4 $1 $11 11. Nxc5+ Kc7 12. Bxd4 e5) 11. Bxe5 $16 ({Don't take} 11. Nxc5+ Kc7 $16) 11... fxe5 12. Qxe5 $2 (12. Bb5+ $1 $16 Kc7 13. Qxe5+ {[%mdl 64] Double Attack} Kb6 14. Qxh8 Kxb5 15. b4) 12... Qa5+ $17 13. b4 Qxb4+ 14. c3 Bg7 $1 {[%cal Rg7e5][%mdl 64] Deflection} 15. Qxg7 Qxe4+ {[%mdl 64] Double Attack} 16. Be2 Rg8 17. Qxh6 Rxg2 18. O-O-O Rxf2 ({Better is} 18... Qxe2 $17 19. d6 Qc4) 19. Rhe1 {[#]} (19. d6 $1 $11 {remains equal.} Rxe2 20. dxe7+ Kxe7 21. Qg5+ Ke6 22. Qg8+ Kf6 23. Qf8+ Ke5 24. Qg7+ Ke6 25. Qg8+ Ke7 26. Qg7+ Ke8 27. Qg8+ Ke7 28. Qg7+ Ke8 29. Qg8+ Ke7) 19... Qf4+ $1 20. Qxf4 Rxf4 21. Bb5+ $2 (21. Rf1 $17 Rxf1 22. Rxf1) 21... Kd6 $19 22. Rd2 (22. Rf1 $142 Rxf1 23. Rxf1) 22... Bg4 23. h3 Bxh3 24. Rde2 Rf7 25. Re4 Bd7 26. Bxd7 Kxd7 27. Rxh4 {[%mdl 4096] Endgame KRR-KRR} Rg8 28. Kc2 b5 29. a4 a6 30. axb5 axb5 31. Ra1 (31. Re2 {might work better.}) 31... c4 32. Ra7+ Kd6 33. Kb2 $2 (33. Rh2) 33... Rg1 $2 (33... Rf2+ 34. Ka3 Rg3 35. Rh6+ e6 36. Ra6+ Kxd5 37. Raxe6 Rxc3+ 38. Kb4 Rb3+ 39. Ka5 c3 40. Rd6+ Kc4 41. Rc6+ Kd3) 34. Rh6+ Kxd5 35. Rd7+ Kc5 36. Rc7+ Kd5 {( -> ...Rf2+)} 37. Rd7+ Ke4 {And now ...Rf2+ would win.} 38. Re6+ (38. Rd4+ {was worth a try.} Ke5 39. Rh2) 38... Kf5 39. Rb6 h5 40. Rxb5+ Ke6 41. Rd2 Rh7 42. Re2+ Kf6 43. Rbe5 $2 {[#]} (43. Rb8) 43... h4 $2 (43... Rg2 $1 {[%mdl 512]} 44. Rxe7 (44. Rxg2 Kxe5) 44... Rxe2+ 45. Rxe2 h4) 44. Re6+ Kg5 45. R6e5+ Kg4 {Strongly threatening ...Rf1.} 46. Ka3 $2 (46. R5e4+ Kg5 47. Re5+ Kg6 48. Re6+ Kh5 49. Ka3) 46... h3 47. R5e4+ Kg3 48. R2e3+ Kh2 49. Kb4 Rg3 50. Re1 Rg1 {Threatens to win with ...Rxe1.} 51. R1e3 $1 Rhg7 52. Kxc4 $2 (52. Rh4 $19 R1g3 53. Ree4) 52... R1g4 53. Rxg4 Rxg4+ {KR-KR} 54. Kd5 Rg3 55. Re2+ Kg1 56. Kd4 h2 57. Re4 e6 58. Rxe6 h1=Q $2 (58... Rg4+ $2 59. Kc5 $17) (58... Rh3 {mates} 59. Re1+ Kf2 60. Rh1 Kg2 61. Rxh2+ Rxh2 62. Ke4 Rh4+ 63. Kd5 Kf3 64. c4 Rh5+ 65. Kd4 Kf4 66. c5 Rh2 67. Kd5 Kf5 68. Kd6 Rh6+ 69. Kd5 Rh2 70. Kd6 Rh6+ 71. Kd5 Rh2) 59. Re1+ $11 {The position is equal.} Kh2 60. Rxh1+ Kxh1 {KR-KP} 61. c4 Kg2 62. c5 Kf3 63. c6 Rg1 64. Ke5 Rc1 65. Kd6 Ke4 66. c7 Kf5 67. Kd7 Rd1+ 68. Ke7 Rc1 69. Kd7 {[#]} Rxc7+ $1 {[%mdl 512]} 70. Kxc7 Ke5 {Accuracy: White = 39%, Black = 48%.} 1/2-1/2

[Event "WJCC U20 Open 2019"]
[Site "New Delhi"]
[Date "2019.10.15"]
[Round "1.12"]
[White "Kukelko, Alexey"]
[Black "Gazik, Viktor"]
[Result "0-1"]
[WhiteElo "2342"]
[BlackElo "2546"]
[Annotator "TA"]
[PlyCount "68"]
[EventDate "2019.10.15"]
[EventType "swiss"]
[EventCountry "IND"]
[SourceTitle "playchess.com"]
[Source "ChessBase"]
[SourceQuality "1"]

{[%evp 11,88,12,34,11,41,31,51,33,44,16,57,-49,-47,-45,-36,-42,-43,-49,-36,-52,-14,-129,-160,-214,-214,-217,-212,-283,-283,-293,-214,-245,-215,-220,-223,-237,-251,-246,-243,-237,-247,-300,-300,-292,-287,-364,-355,-480,-476,-486,-485,-476,-478,-466,-466,-449,-432,-569,-577,-567,-570,-541,-536,-507,-487,-1600,-1467,-1425,-1103,-6170,-3325,-3235,-2855,-29978,-29979,-29978,-29979,-29986,-29987]} 1. e4 c5 2. Nf3 d6 3. d4 cxd4 4. Nxd4 Nf6 5. Nc3 a6 6. Bg5 Nbd7 7. Qe2 {B94: Sicilian Najdorf: 6 Bg5 Nbd7} g6 8. O-O-O Bg7 9. f4 {And now e5 would win.White is slightly better.} O-O 10. Kb1 Qc7 11. Bxf6 $146 ({White should play} 11. f5 $14) ({Predecessor:} 11. g4 b5 12. Bg2 Bb7 13. Rhe1 e5 14. fxe5 dxe5 {½-½ (52) Morozevich,A (2731)-Grischuk,A (2789) Moscow 2014}) 11... Nxf6 $15 12. e5 dxe5 13. fxe5 Bg4 14. Nf3 Nd7 $36 {[%cal Rd7e5][%mdl 2048] Black is pushing.} 15. Nd5 Qc5 16. b4 (16. Qc4 $1 $11 Bxf3 17. Qxc5 Nxc5 18. Nxe7+ Kh8 19. gxf3) 16... Qa7 $17 17. Qe3 (17. Nxe7+ $17 {was necessary.} Kh8 18. Nd5) 17... Qxe3 $19 18. Nxe3 Nxe5 19. Nxe5 Bxd1 20. N5c4 b5 {Threatens to win with ...Bh5.} 21. Nb2 Bxb2 22. Kxb2 Rad8 23. Bd3 Bh5 24. g4 {[#]} Bxg4 $1 {[%mdl 64] Decoy} 25. Nxg4 Rd4 $1 {[%csl LRb4,LRg4]} 26. Ne3 Rxb4+ 27. Kc3 Rh4 28. Nd5 e6 29. Nb4 Rc8+ 30. Kb3 a5 {[%cal Ba6a5,Ba5a4][%mdl 32]} 31. Na6 Rc6 32. Bxb5 {[#]} a4+ $1 {[%mdl 512]} 33. Ka3 (33. Bxa4 Rb6+) 33... Rxc2 34. Nb4 {[#]} Rcxh2 {Played: Rc2-b2} 0-1

[Event "WJCC U20 Open 2019"]
[Site "New Delhi"]
[Date "2019.10.15"]
[Round "1.14"]
[White "Neelash, Saha"]
[Black "Visakh, N R"]
[Result "0-1"]
[WhiteElo "2334"]
[BlackElo "2529"]
[Annotator "ChessBase"]
[PlyCount "56"]
[EventDate "2019.10.15"]
[EventType "swiss"]
[EventCountry "IND"]
[SourceTitle "playchess.com"]
[Source "ChessBase"]
[SourceQuality "1"]
[TimeControl "40/5400+30:1800+30"]

1. d4 Nf6 2. c4 e6 3. g3 d5 4. Nf3 Bb4+ 5. Bd2 Bd6 6. Nc3 c6 7. Qc2 Nbd7 8. e4 Nxe4 9. Nxe4 dxe4 10. Qxe4 Nf6 11. Qc2 b6 12. Bg2 Bb7 13. O-O-O Qe7 14. Rhe1 O-O 15. Bg5 h6 16. Bxf6 Qxf6 17. Ne5 Bxe5 18. dxe5 Qe7 19. c5 Qxc5 20. Qxc5 bxc5 21. Rd7 Rab8 22. Red1 a5 23. Rc7 Ba6 24. Rxc6 Bb7 25. Rd7 Bxc6 26. Bxc6 Rfd8 27. Ra7 Rb4 28. b3 c4 0-1

[Event "WJCC U20 Open 2019"]
[Site "New Delhi"]
[Date "2019.10.15"]
[Round "1.15"]
[White "Lobanov, Sergei"]
[Black "Jablonicky, Martin"]
[Result "1-0"]
[WhiteElo "2516"]
[BlackElo "2333"]
[Annotator "ChessBase"]
[PlyCount "75"]
[EventDate "2019.10.15"]
[EventType "swiss"]
[EventCountry "IND"]
[SourceTitle "playchess.com"]
[Source "ChessBase"]
[SourceQuality "1"]
[TimeControl "40/5400+30:1800+30"]

1. e4 {[%emt 0:00:00]} e5 {[%emt 0:00:00]} 2. Nf3 {[%emt 0:00:00]} Nf6 {[%emt 0:00:00]} 3. Nxe5 {[%emt 0:00:44]} d6 {[%emt 0:00:00]} 4. Nf3 {[%emt 0:00:04]} Nxe4 {[%emt 0:00:00]} 5. Nc3 {[%emt 0:00:03]} Nxc3 {[%emt 0:00:02]} 6. dxc3 {[%emt 0:00:06]} Be7 {[%emt 0:00:03]} 7. Be3 {[%emt 0:01:34]} Nd7 {[%emt 0:01:09]} 8. Qd2 {[%emt 0:00:06]} O-O {[%emt 0:00:07]} 9. O-O-O {[%emt 0:00:05]} Nf6 {[%emt 0:00:04]} 10. Kb1 {[%emt 0:01:45]} c5 {[%emt 0:02:56]} 11. Bd3 {[%emt 0:01:30]} Qa5 {[%emt 0:00:54]} 12. Rhe1 {[%emt 0:02:32]} Be6 {[%emt 0:00:28]} 13. c4 {[%emt 0:02:29]} Qxd2 {[%emt 0:00:06]} 14. Bxd2 {[%emt 0:00:03]} Rfe8 {[%emt 0:06:17]} 15. Ng5 {[%emt 0:06:59]} Bd7 {[%emt 0:00:00]} 16. Ne4 {[%emt 0:00:00]} Bc6 {[%emt 0:02:10]} 17. a3 {[%emt 0:00:00]} Nxe4 {[%emt 0:03:49]} 18. Bxe4 {[%emt 0:00:28]} Bxe4 {[%emt 0:03:36]} 19. Rxe4 {[%emt 0:00:01]} f5 {[%emt 0:00:11]} 20. Re2 {[%emt 0:00:55]} Bf6 {[%emt 0:04:59]} 21. Rxe8+ {[%emt 0:00:31]} Rxe8 {[%emt 0:00:02]} 22. Be3 {[%emt 0:00:17]} Re6 {[%emt 0:05:05]} 23. g3 {[%emt 0:01:43]} g5 {[%emt 0:01:35]} 24. Rd5 {[%emt 0:00:58]} f4 {[%emt 0:06:27]} 25. gxf4 {[%emt 0:00:07]} gxf4 {[%emt 0:00:07]} 26. Bxf4 {[%emt 0:00:06]} Re1+ {[%emt 0:00:07]} 27. Ka2 {[%emt 0:00:08]} Re2 {[%emt 0:01:06]} 28. Kb3 {[%emt 0:02:48]} b5 {[%emt 0:06:17]} 29. cxb5 {[%emt 0:11:36]} c4+ {[%emt 0:00:07]} 30. Ka4 {[%emt 0:00:05]} c3 {[%emt 0:25:17]} 31. b4 {[%emt 0:00:04]} Rxf2 {[%emt 0:00:04]} 32. Bg5 {[%emt 0:09:00]} Be5 {[%emt 0:01:03]} 33. Kb3 {[%emt 0:00:05]} Re2 {[%emt 0:08:24]} 34. Rd3 {[%emt 0:05:18]} Rxh2 {[%emt 0:09:38]} 35. Be3 {[%emt 0:00:05]} Rh3 {[%emt 0:02:09]} 36. Bxa7 {[%emt 0:00:17]} Rxd3 {[%emt 0:00:07]} 37. cxd3 {[%emt 0:00:03]} h5 {[%emt 0:00:05]} 38. d4 {[%emt 0:00:05]} 1-0

[Event "WJCC U20 Open 2019"]
[Site "New Delhi"]
[Date "2019.10.15"]
[Round "1.16"]
[White "Sterck, Arno"]
[Black "Iniyan, P."]
[Result "0-1"]
[WhiteElo "2331"]
[BlackElo "2509"]
[Annotator "RC"]
[PlyCount "96"]
[EventDate "2019.10.15"]
[EventType "swiss"]
[EventCountry "IND"]
[SourceTitle "playchess.com"]
[Source "ChessBase"]
[SourceQuality "1"]
[TimeControl "40/5400+30:1800+30"]

1. d4 {[%emt 0:00:00]} Nf6 {[%emt 0:00:14]} 2. c4 {[%emt 0:00:00]} g6 {[%emt 0:00:15]} 3. g3 {[%emt 0:00:00]} Bg7 {[%emt 0:02:18]} 4. Bg2 {[%emt 0:00:00]} c5 {[%emt 0:00:14]} 5. d5 {[%emt 0:00:23]} d6 {[%emt 0:00:53]} 6. Nc3 {[%emt 0:00:19]} O-O {[%emt 0:00:44]} 7. Nf3 {[%emt 0:00:09]} e6 {[%emt 0:00:13]} 8. O-O {[%emt 0:00:06]} exd5 {[%emt 0:00:04]} 9. cxd5 {[%emt 0:00:04]} Re8 {[%emt 0:00:54]} 10. Bf4 {[%emt 0:00:12]} a6 {[%emt 0:13:17]} 11. a4 {[%emt 0:00:14]} Ne4 {[%emt 0:01:57]} 12. Nxe4 {[%emt 0:00:28]} Rxe4 {[%emt 0:00:08]} 13. Nd2 {[%emt 0:00:05]} Rb4 {[%emt 0:02:58]} 14. Ne4 {[%emt 0:13:55]} f5 {[%emt 0:10:34]} 15. Ng5 {[%emt 0:02:29]} Be5 {[%emt 0:03:38]} 16. Bxe5 {[%emt 0:07:01]} dxe5 {[%emt 0:00:07]} 17. Qc1 {[%emt 0:00:33]} Qd6 {[%emt 0:11:54]} 18. Rd1 {[%emt 0:07:31]} a5 {[%emt 0:01:23]} 19. Ne6 {[%emt 0:03:12]} b6 {[%emt 0:01:00]} 20. h4 {[%emt 0:04:15]} Ra7 {[%emt 0:14:31]} 21. h5 {[%emt 0:06:26]} Bxe6 {[%emt 0:01:23]} 22. dxe6 {[%emt 0:00:08]} Rd4 {[%emt 0:00:06]} 23. e3 {[%emt 0:00:15]} Rxd1+ {[%emt 0:00:06]} 24. Qxd1 {[%emt 0:00:08]} Qc7 {[%emt 0:01:34]} 25. Bd5 {[%emt 0:08:20]} Kg7 {[%emt 0:03:10]} 26. e4 {[%emt 0:04:19]} f4 {[%emt 0:02:03]} 27. Qg4 {[%emt 0:01:47]} Nc6 {[%emt 0:00:34]} 28. Bxc6 {[%emt 0:14:49]} Qxc6 {[%emt 0:00:08]} 29. Rd1 {[%emt 0:00:04]} Qxe4 {[%emt 0:06:21]} 30. Qh4 {[%emt 0:06:02]} h6 {[%emt 0:00:18]} 31. hxg6 {[%emt 0:04:33]} Qf3 {[%emt 0:06:02]} 32. Re1 {[%emt 0:01:58]} fxg3 {[%emt 0:00:06]} 33. fxg3 {[%emt 0:01:46]} Qf6 {[%emt 0:00:06]} 34. Qh5 {[%emt 0:02:00]} Qxe6 {[%emt 0:04:11]} 35. Qxe5+ {[%emt 0:02:05]} Qxe5 {[%emt 0:00:05]} 36. Rxe5 {[%emt 0:00:06]} Rd7 {[%emt 0:00:04]} 37. Re6 {[%emt 0:03:02]} Rd1+ {[%emt 0:00:02]} 38. Kg2 {[%emt 0:00:10]} Rd2+ {[%emt 0:00:04]} 39. Kh3 {[%emt 0:00:07]} Rxb2 {[%emt 0:00:04]} 40. Kg4 {[%emt 0:00:07]} b5 {[%emt 0:00:40]} 41. axb5 {[%emt 0:30:12]} Rxb5 {[%emt 0:30:07]} 42. Rc6 {[%emt 0:00:08]} c4 {[%emt 0:02:49]} 43. Kf4 {[%emt 0:01:05]} a4 {[%emt 0:00:21]} 44. Rxc4 {[%emt 0:00:20]} Ra5 {[%emt 0:00:03]} 45. Rc2 {[%emt 0:00:07]} a3 {[%emt 0:00:04]} 46. Ra2 {[%emt 0:00:05]} Kxg6 {[%emt 0:00:06]} 47. g4 {[%emt 0:01:58]} Ra8 {[%emt 0:00:14]} 48. Kg3 {[%emt 0:00:36]} Kg5 {[%emt 0:00:06]} 0-1

[Event "WJCC U20 Open 2019"]
[Site "New Delhi"]
[Date "2019.10.15"]
[Round "1.17"]
[White "Khanin, Semen"]
[Black "Garidmagnai, Byambasuren"]
[Result "1-0"]
[WhiteElo "2507"]
[BlackElo "2327"]
[Annotator "ChessBase"]
[PlyCount "95"]
[EventDate "2019.10.15"]
[EventType "swiss"]
[EventCountry "IND"]
[SourceTitle "playchess.com"]
[Source "ChessBase"]
[SourceQuality "1"]
[TimeControl "40/5400+30:1800+30"]

1. e4 {[%emt 0:00:00]} c6 {[%emt 0:00:00]} 2. d4 {[%emt 0:00:00]} d5 {[%emt 0:00:00]} 3. Nd2 {[%emt 0:00:10]} dxe4 {[%emt 0:00:00]} 4. Nxe4 {[%emt 0:00:07]} Bf5 {[%emt 0:00:02]} 5. Ng3 {[%emt 0:00:11]} Bg6 {[%emt 0:00:08]} 6. h4 {[%emt 0:00:14]} h6 {[%emt 0:00:22]} 7. Nf3 {[%emt 0:00:08]} Nd7 {[%emt 0:00:07]} 8. h5 {[%emt 0:00:12]} Bh7 {[%emt 0:00:07]} 9. Bd3 {[%emt 0:00:08]} Bxd3 {[%emt 0:00:23]} 10. Qxd3 {[%emt 0:00:08]} e6 {[%emt 0:00:08]} 11. Bd2 {[%emt 0:00:18]} Ngf6 {[%emt 0:00:13]} 12. O-O-O {[%emt 0:00:17]} Bd6 {[%emt 0:00:10]} 13. Ne4 {[%emt 0:02:14]} Nxe4 {[%emt 0:00:36]} 14. Qxe4 {[%emt 0:00:11]} Nf6 {[%emt 0:01:07]} 15. Qe2 {[%emt 0:00:30]} Bc7 {[%emt 0:02:10]} 16. g4 {[%emt 0:16:59]} Qd5 {[%emt 0:06:33]} 17. c4 {[%emt 0:01:57]} Qe4 {[%emt 0:00:18]} 18. Qxe4 {[%emt 0:01:43]} Nxe4 {[%emt 0:00:09]} 19. Be3 {[%emt 0:00:20]} O-O-O {[%emt 0:05:54]} 20. Ne5 {[%emt 0:02:23]} Rhf8 {[%emt 0:03:54]} 21. f3 {[%emt 0:01:09]} Nf6 {[%emt 0:02:35]} 22. Kc2 {[%emt 0:05:45]} Bxe5 {[%emt 0:15:04]} 23. dxe5 {[%emt 0:00:15]} Rxd1 {[%emt 0:00:10]} 24. Rxd1 {[%emt 0:05:05]} Nd7 {[%emt 0:00:09]} 25. Bd4 {[%emt 0:06:11]} b6 {[%emt 0:07:56]} 26. Rg1 {[%emt 0:12:56]} Rh8 {[%emt 0:04:03]} 27. Kd3 {[%emt 0:03:01]} Kd8 {[%emt 0:00:54]} 28. Ke4 {[%emt 0:02:44]} Ke7 {[%emt 0:01:34]} 29. Rd1 {[%emt 0:02:59]} Rd8 {[%emt 0:03:09]} 30. f4 {[%emt 0:04:25]} Nxe5 {[%emt 0:07:02]} 31. Kxe5 {[%emt 0:12:10]} c5 {[%emt 0:00:20]} 32. Bxc5+ {[%emt 0:10:47]} bxc5 {[%emt 0:00:07]} 33. Rxd8 {[%emt 0:00:02]} f6+ {[%emt 0:00:07]} 34. Ke4 {[%emt 0:00:02]} Kxd8 {[%emt 0:00:06]} 35. f5 {[%emt 0:01:56]} Kd7 {[%emt 0:00:14]} 36. fxe6+ {[%emt 0:01:18]} Kxe6 {[%emt 0:00:08]} 37. a3 {[%emt 0:00:43]} a5 {[%emt 0:00:23]} 38. b3 {[%emt 0:00:07]} Kd6 {[%emt 0:03:02]} 39. Kd3 {[%emt 0:00:41]} Ke5 {[%emt 0:06:11]} 40. Kc3 {[%emt 0:00:04]} f5 {[%emt 0:00:15]} 41. gxf5 {[%emt 0:30:14]} Kxf5 {[%emt 0:30:07]} 42. b4 {[%emt 0:00:16]} axb4+ {[%emt 0:00:13]} 43. axb4 {[%emt 0:00:03]} cxb4+ {[%emt 0:00:06]} 44. Kxb4 {[%emt 0:00:10]} g5 {[%emt 0:00:06]} 45. hxg6 {[%emt 0:01:10]} Kxg6 {[%emt 0:00:05]} 46. c5 {[%emt 0:00:40]} Kf6 {[%emt 0:00:26]} 47. Kb5 {[%emt 0:00:13]} Ke7 {[%emt 0:00:24]} 48. Kb6 {[%emt 0:00:07]} 1-0

[Event "WJCC U20 Open 2019"]
[Site "New Delhi"]
[Date "2019.10.15"]
[Round "1.18"]
[White "Nitish, Belurkar"]
[Black "Kuybokarov, Temur"]
[Result "1/2-1/2"]
[WhiteElo "2311"]
[BlackElo "2501"]
[Annotator "ChessBase"]
[PlyCount "111"]
[EventDate "2019.10.15"]
[EventType "swiss"]
[EventCountry "IND"]
[SourceTitle "playchess.com"]
[Source "ChessBase"]
[SourceQuality "1"]
[TimeControl "40/5400+30:1800+30"]

1. e4 {[%emt 0:00:00]} e5 {[%emt 0:00:00]} 2. Nf3 {[%emt 0:00:00]} Nc6 {[%emt 0:00:16]} 3. Bc4 {[%emt 0:00:00]} Bc5 {[%emt 0:00:17]} 4. c3 {[%emt 0:00:02]} Nf6 {[%emt 0:00:18]} 5. d4 {[%emt 0:00:09]} exd4 {[%emt 0:00:13]} 6. e5 {[%emt 0:00:11]} d5 {[%emt 0:00:17]} 7. Bb5 {[%emt 0:00:08]} Ne4 {[%emt 0:00:15]} 8. cxd4 {[%emt 0:00:09]} Bb6 {[%emt 0:00:17]} 9. Nc3 {[%emt 0:00:22]} O-O {[%emt 0:00:18]} 10. Be3 {[%emt 0:00:08]} Bg4 {[%emt 0:00:26]} 11. h3 {[%emt 0:00:10]} Bh5 {[%emt 0:00:12]} 12. Qc2 {[%emt 0:00:46]} Ba5 {[%emt 0:00:19]} 13. O-O {[%emt 0:21:00]} Bxf3 {[%emt 0:00:11]} 14. gxf3 {[%emt 0:00:06]} Ng5 {[%emt 0:00:39]} 15. Kg2 {[%emt 0:08:03]} Bxc3 {[%emt 0:00:14]} 16. bxc3 {[%emt 0:11:50]} f5 {[%emt 0:00:20]} 17. Bxc6 {[%emt 0:13:01]} bxc6 {[%emt 0:04:05]} 18. Bxg5 {[%emt 0:00:59]} Qxg5+ {[%emt 0:00:17]} 19. Kh2 {[%emt 0:00:19]} Qf4+ {[%emt 0:07:43]} 20. Kg2 {[%emt 0:00:07]} Rae8 {[%emt 0:01:29]} 21. Qc1 {[%emt 0:02:51]} Qh4 {[%emt 0:00:23]} 22. Rh1 {[%emt 0:08:29]} Re6 {[%emt 0:04:20]} 23. f4 {[%emt 0:06:41]} g5 {[%emt 0:07:57]} 24. Qe3 {[%emt 0:10:55]} gxf4 {[%emt 0:05:33]} 25. Qf3 {[%emt 0:00:09]} Rg6+ {[%emt 0:01:43]} 26. Kh2 {[%emt 0:00:13]} h5 {[%emt 0:18:47]} 27. Rag1 {[%emt 0:10:37]} Rg4 {[%emt 0:11:24]} 28. Qxf4 {[%emt 0:00:37]} Kf7 {[%emt 0:04:08]} 29. Rxg4 {[%emt 0:01:58]} hxg4 {[%emt 0:00:07]} 30. Kg1 {[%emt 0:00:04]} Kg6 {[%emt 0:02:42]} 31. hxg4 {[%emt 0:00:04]} Qxg4+ {[%emt 0:00:07]} 32. Qxg4+ {[%emt 0:00:04]} fxg4 {[%emt 0:00:06]} 33. Rh4 {[%emt 0:01:57]} Rf4 {[%emt 0:01:04]} 34. Rh8 {[%emt 0:00:22]} c5 {[%emt 0:00:57]} 35. Rg8+ {[%emt 0:00:51]} Kf7 {[%emt 0:01:41]} 36. Rc8 {[%emt 0:00:37]} cxd4 {[%emt 0:00:15]} 37. cxd4 {[%emt 0:00:11]} Rxd4 {[%emt 0:00:09]} 38. Rxc7+ {[%emt 0:00:04]} Ke6 {[%emt 0:00:07]} 39. Rxa7 {[%emt 0:00:03]} Rd2 {[%emt 0:04:53]} 40. a4 {[%emt 0:01:33]} d4 {[%emt 0:00:20]} 41. Kg2 {[%emt 0:06:08]} Ra2 {[%emt 0:04:14]} 42. Ra8 {[%emt 0:01:24]} Kxe5 {[%emt 0:03:56]} 43. Kg3 {[%emt 0:01:32]} d3 {[%emt 0:00:49]} 44. Rd8 {[%emt 0:00:24]} Ke4 {[%emt 0:00:37]} 45. Re8+ {[%emt 0:05:43]} Kd4 {[%emt 0:01:12]} 46. Rd8+ {[%emt 0:01:32]} Kc3 {[%emt 0:00:13]} 47. Rc8+ {[%emt 0:02:21]} Kd2 {[%emt 0:09:02]} 48. Kxg4 {[%emt 0:01:05]} Rxa4+ {[%emt 0:03:12]} 49. Kg5 {[%emt 0:00:59]} Ra5+ {[%emt 0:00:58]} 50. Kf6 {[%emt 0:06:19]} Ra4 {[%emt 0:08:01]} 51. Ke5 {[%emt 0:02:32]} Ke2 {[%emt 0:00:38]} 52. Rd8 {[%emt 0:00:07]} d2 {[%emt 0:03:24]} 53. f4 {[%emt 0:00:23]} Ke3 {[%emt 0:00:04]} 54. Rxd2 {[%emt 0:00:16]} Kxd2 {[%emt 0:00:11]} 55. f5 {[%emt 0:00:03]} Ke3 {[%emt 0:00:10]} 56. f6 {[%emt 0:00:07] Ke4+ Kxe4} 1/2-1/2